000 00671cam a22002055a 4500
001 L143706
008 080528s2004 xxk f 000 0 eng d
020 _a9780007811335
035 _a(Sirsi) u143706
041 0 _aeng
100 1 _aBlanchard, Ken
245 0 4 _aThe one minute manager builds high performing teams
_bincrease satisfaction and productivity to achieve excellence
260 _aLondon
_bHarper Collins Publishers
_c2004
300 _a111p.
_c20cm.
520 _aParable-style book explains how to create teams that work together more effectively.
651 4 _aInternational
700 1 _aCarew, Don
700 1 _aCarew, Eunice Parisi
942 _n0
999 _c108254
_d108254